MARC details
| 000 -LEADER |
| campo de control de longitud fija |
02057nea a2200409 i 4500 |
| 001 - NÚMERO DE CONTROL |
| campo de control |
196735 |
| 003 - IDENTIFICADOR DE NÚMERO DE CONTROL |
| campo de control |
SpMaBN |
| 005 - FECHA Y HORA DE LA ÚLTIMA TRANSACCIÓN |
| campo de control |
20250831020452.0 |
| 007 - CAMPO FIJO DE DESCRIPCIÓN FÍSICA--INFORMACIÓN GENERAL |
| campo de control de longitud fija |
aj*aanzn |
| 008 - DATOS DE LONGITUD FIJA--INFORMACIÓN GENERAL |
| campo de control de longitud fija |
241023s1799 fr g r 0 fre |
| 034 0# - DATOS MATEMÁTICOS CARTOGRÁFICOS CODIFICADOS |
| Tipo de escala |
a |
| 035 ## - NÚMERO DE CONTROL DEL SISTEMA |
| Número de control de sistema |
(SpMaBN)a6615825 |
| 035 ## - NÚMERO DE CONTROL DEL SISTEMA |
| Número de control de sistema |
(OCoLC)1129314318 |
| 035 ## - NÚMERO DE CONTROL DEL SISTEMA |
| Número de control de sistema |
991025506029708606 |
| 040 ## - FUENTE DE CATALOGACIÓN |
| Centro catalogador/agencia de origen |
SpMaBN |
| Lengua de catalogación |
spa |
| Centro/agencia transcriptor |
SpMaBN |
| Normas de descripción |
rdc |
| Centro/agencia modificador |
ES-MaACL |
| 080 ## - NÚMERO DE LA CLASIFICACIÓN DECIMAL UNIVERSAL |
| Número de la Clasificación Decimal Universal |
(739.9) |
| Identificador de la edición |
2015 |
| 245 00 - MENCIÓN DEL TÍTULO |
| Título |
Carte des Iles Sandwich |
| Medio |
[Material Cartográfico] |
| Resto del título |
d'après la reconnoissance qui en à étè faite dans les differentes Relaches de la Corvette la Découverte et de sa Conserve le Chatam Commandés par le Cap. Vancouver en 1792, 1793 et 1794 et redigée sous sa direction par le Lieutenant Joseph Baker. |
| 255 ## - DATOS MATEMÁTICOS CARTOGRÁFICOS |
| Mención de escala |
Escala indeterminada |
| 260 ## - PUBLICACIÓN, DISTRIBUCIÓN, ETC. |
| Lugar de publicación, distribución, etc. |
[A Paris] : |
| Nombre del editor, distribuidor, etc. |
[De L'Imprimerie de la République], |
| Fecha de publicación, distribución, etc. |
[1799]. |
| 300 ## - DESCRIPCIÓN FÍSICA |
| Extensión |
1 mapa ; |
| Dimensiones |
65 x 92 cm |
| 336 ## - TIPO DE CONTENIDO |
| Término de tipo de contenido |
Imagen (cartográfica ; fija ; bidimensional ; visual) |
| Fuente |
isbdcontent |
| 337 ## - TIPO DE MEDIO |
| Nombre/término del tipo de medio |
sin mediación |
| Fuente |
isbdmedia |
| 338 ## - TIPO DE SOPORTE |
| Fuente |
rdacarrier |
| Nombre/término del tipo de soporte |
volumen |
| 500 ## - NOTA GENERAL |
| Nota general |
Indica la derrota de los navíos con las fechas |
| 501 ## - NOTA DE CON |
| Nota de "Con" |
Inserta: "Partie des Iles Gallapagos". - 32 x 19 cm ; "Île des Cocos". - 18 x 18,5 cm |
| 596 ## - NOTA AL PIE DE IMPRENTA |
| NOTA AL PIE DE IMPRENTA |
Datos y año de edición tomados del atlas en el que se encuentra el mapa |
| 597 ## - NOTA DE DESCRIPCIÓN FÍSICA |
| NOTA DE DESCRIPCIÓN FÍSICA |
Márgenes graduados. - Red de meridianos y paralelos formando cuadrícula. - Relieve por normales. - Sondas batimétricas. - Rocas, Bancos de arena y Fondeaderos |
| 611 20 - PUNTO DE ACCESO ADICIONAL DE MATERIA--NOMBRE DE REUNIÓN/CONGRESO |
| Nombre de congreso/reunión o jurisdicción como elemento de entrada |
Vancouver, Expedición de, |
| Fecha del congreso o de la firma del tratado |
1791-1795 |
| 9 (RLIN) |
239420 |
| 651 #0 - PUNTO DE ACCESO ADICIONAL DE MATERIA--NOMBRE GEOGRÁFICO |
| Nombre geográfico |
Hawái (Estados Unidos, Estado)- |
| Subdivisión de forma |
Mapas |
| 9 (RLIN) |
239284 |
| 655 #0 - TERMINO DE INDIZACIÓN--GENERO/FORMA |
| 9 (RLIN) |
239293 |
| Datos o término principal de género/forma |
Mapas topográficos- |
| Subdivisión cronológica |
S. XVIII |
| 700 0# - ENTRADA AGREGADA--NOMBRE PERSONAL |
| Nombre de persona |
Vancouver, George, |
| Fechas asociadas al nombre |
1757-1798 |
| 9 (RLIN) |
113045 |
| 710 2# - ENTRADA AGREGADA--NOMBRE DE ENTIDAD CORPORATIVA |
| Nombre de entidad corporativa o nombre de jurisdicción como elemento de entrada |
Imprimerie de la République (Francia) |
| 9 (RLIN) |
239285 |
| 852 ## - LOCALIZACIÓN |
| Ubicación |
ES-MaACL |
| Ubicación en estantería |
Depósito 2 |
| Signatura antigua |
Olim: 155-A-2 |
| -- |
Olim: B-6988 |
| Número de control de estantería |
GF-116(1) |
| Encuadernación |
Encuadernado con otros mapas formando un volumen facticio. |
| itemnumber |
204460 |
| 942 ## - ELEMENTOS DE ENTRADA SECUNDARIOS (KOHA) |
| Fuente del sistema de clasificación o colocación |
Clasificación decimal universal |
| Suprimir en OPAC |
No |
| Tipo de ítem Koha |
Mapa |